[Event "Titled Tuesday intern op 06th May Early"]
[Site "Chess.com INT"]
[Date "2025.05.06"]
[Round "6"]
[White "Navara, David"]
[Black "Liu, Zhaoqi"]
[Result "1-0"]
[WhiteElo "2657"]
[BlackElo "2400"]
[PlyCount "69"]
[EventDate "2025.05.06"]
[EventType "swiss (blitz)"]
[EventRounds "11"]
[EventCountry "USA"]
[SourceTitle "CB20_2025"]
[SourceDate "2025.05.14"]
[SourceVersion "1"]
[SourceVersionDate "2025.05.14"]
[SourceQuality "1"]

1. a3 Nf6 2. Nf3 g6 3. b4 a5 4. Bb2 axb4 5. axb4 Rxa1 6. Bxa1 Bg7 7. g3 0-0 8. Bg2 d6 9. c4 Nc6 10. b5 Na5 11. d3 b6 12. 0-0 Bb7 13. Nc3 d5 14. Nxd5 Nxd5 15. Bxg7 Kxg7 16. cxd5 Qxd5 17. Qa1+ f6 18. Rb1 Ra8 19. Qc3 Qd6 20. h4 h5 21. e4 Rd8 22. Bf1 e5 23. Rc1 Rd7 24. Bh3 Re7 25. d4 exd4 26. Nxd4 Bxe4 27. Ne6+ Rxe6 28. Qxc7+ Kh6 29. Bxe6 Qxe6 30. Re1 Nc4 31. Qf4+ Kg7 32. Qxe4 Qg8 33. Qe7+ Kh6 34. Qxf6 Qd5 35. Qh8# 1-0

[Event "Titled Tuesday intern op 06th May Early"]
[Site "Chess.com INT"]
[Date "2025.05.06"]
[Round "3"]
[White "Skliarov, Viktor"]
[Black "Liu, Zhaoqi"]
[Result "1-0"]
[WhiteElo "2334"]
[BlackElo "2400"]
[PlyCount "89"]
[EventDate "2025.05.06"]
[EventType "swiss (blitz)"]
[EventRounds "11"]
[EventCountry "USA"]
[SourceTitle "CB20_2025"]
[SourceDate "2025.05.14"]
[SourceVersion "1"]
[SourceVersionDate "2025.05.14"]
[SourceQuality "1"]

1. e4 e6 2. d4 d5 3. e5 c5 4. c3 Nc6 5. Nf3 Bd7 6. a3 c4 7. Nbd2 Na5 8. g3 Ne7 9. h4 Nc8 10. Bh3 Nb6 11. 0-0 Ba4 12. Qe2 Be7 13. h5 h6 14. Ne1 Qd7 15. f4 g6 16. hxg6 fxg6 17. Qg4 Kf7 18. Ndf3 Bd1 19. Be3 Be2 20. Rf2 Nb3 21. Rb1 Bd3 22. Nxd3 cxd3 23. Rd1 d2 24. Nxd2 Nxd2 25. Bxd2 h5 26. Qe2 Nc4 27. Bc1 b5 28. Kg2 Raf8 29. Qd3 Kg7 30. Rh1 a5 31. Rff1 a4 32. g4 hxg4 33. Bxg4 Rxh1 34. Rxh1 Rg8 35. Qh3 Kf8 36. Qh7 b4 37. axb4 a3 38. bxa3 Qa4 39. Bd1 Qb5 40. a4 Qc6 41. b5 Qc7 42. Bg4 Qd7 43. f5 gxf5 44. Bh6+ Ke8 45. Qxg8+ 1-0

[Event "Titled Tuesday intern op 04th Mar Early"]
[Site "Chess.com INT"]
[Date "2025.03.04"]
[Round "2"]
[White "Barria Zuniga, Daniel"]
[Black "Liu, Zhaoqi"]
[Result "1-0"]
[WhiteElo "2341"]
[BlackElo "2400"]
[PlyCount "47"]
[EventDate "2025.03.04"]
[EventType "swiss (blitz)"]
[EventRounds "11"]
[EventCountry "USA"]
[SourceTitle "CB11_2025"]
[SourceDate "2025.03.12"]
[SourceVersion "1"]
[SourceVersionDate "2025.03.12"]
[SourceQuality "1"]

1. d4 f5 2. g3 Nf6 3. Bg2 d5 4. e3 e6 5. Ne2 c6 6. 0-0 Bd6 7. c4 0-0 8. b3 Bd7 9. Ba3 Bxa3 10. Nxa3 Be8 11. Qc2 Bh5 12. Nf4 Qe7 13. Qb2 Nbd7 14. b4 Nb6 15. Rfc1 Bf7 16. Nd3 Nfd7 17. c5 Nc8 18. b5 Be8 19. bxc6 bxc6 20. Qb7 Rb8 21. Qc7 Bg6 22. Qxc6 f4 23. Nxf4 Rxf4 24. exf4 1-0

[Event "Titled Tuesday intern op 04th Feb Early"]
[Site "Chess.com INT"]
[Date "2025.02.04"]
[Round "3"]
[White "Liu, Zhaoqi"]
[Black "Shirov, Alexei"]
[Result "0-1"]
[WhiteElo "2400"]
[BlackElo "2648"]
[PlyCount "70"]
[EventDate "2025.02.04"]
[EventType "swiss (blitz)"]
[EventRounds "11"]
[EventCountry "USA"]
[SourceTitle "CB07_2025"]
[SourceDate "2025.02.12"]
[SourceVersion "1"]
[SourceVersionDate "2025.02.12"]
[SourceQuality "1"]

1. c4 c6 2. e4 d5 3. exd5 cxd5 4. d4 Nf6 5. Nc3 Nc6 6. Bg5 dxc4 7. Bxc4 h6 8. Bh4 e6 9. Nf3 Be7 10. 0-0 0-0 11. a3 Nd5 12. Bg3 Nxc3 13. bxc3 Bd7 14. Qd3 Rc8 15. Bb3 Bf6 16. Rad1 Qa5 17. Bf4 Ne7 18. Bc2 Ng6 19. c4 Qa6 20. Nd2 Ba4 21. Be3 Bxc2 22. Qxc2 Rfd8 23. Qb2 Nh4 24. Ne4 Be7 25. c5 Nf5 26. Rb1 Rd7 27. Qb3 Qc6 28. Nc3 Nxd4 29. Bxd4 Rxd4 30. Qxb7 Bxc5 31. Ne2 Rd2 32. Nf4 Bb6 33. Qxc6 Rxc6 34. Rb3 Rxf2 35. Rxb6 Rxf1+ 0-1

[Event "CHN-ch Rapid"]
[Site "Hohhot"]
[Date "2024.11.13"]
[Round "9"]
[White "Du, Chunhui"]
[Black "Liu, Zhaoqi"]
[Result "1-0"]
[WhiteElo "2390"]
[BlackElo "2311"]
[PlyCount "59"]
[EventDate "2024.11.12"]
[EventType "swiss (rapid)"]
[EventRounds "9"]
[EventCountry "CHN"]
[SourceTitle "CB49_2024"]
[SourceDate "2024.12.04"]
[SourceVersion "1"]
[SourceVersionDate "2024.12.04"]
[SourceQuality "1"]

1. e4 e6 2. d4 d5 3. exd5 exd5 4. Nf3 Nf6 5. Bf4 Bd6 6. Bxd6 Qxd6 7. Bd3 0-0 8. 0-0 Bg4 9. Nbd2 Nbd7 10. c3 c5 11. Qc2 Qf4 12. h3 Be6 13. g3 Qh6 14. h4 Rac8 15. Rfe1 Rfe8 16. dxc5 Nxc5 17. Ng5 d4 18. Bb5 Red8 19. Rad1 d3 20. Qb1 Qg6 21. b4 h6 22. Ngf3 Nce4 23. Nxe4 Nxe4 24. Bxd3 f5 25. Nd4 Nxc3 26. Rxe6 Qxe6 27. Nxe6 Nxb1 28. Nxd8 Nc3 29. Rd2 Rxd8 30. Bc4+ 1-0

[Event "CHN-ch Rapid"]
[Site "Hohhot"]
[Date "2024.11.13"]
[Round "8"]
[White "Zhang, Di"]
[Black "Liu, Zhaoqi"]
[Result "1-0"]
[WhiteElo "2114"]
[BlackElo "2311"]
[PlyCount "93"]
[EventDate "2024.11.12"]
[EventType "swiss (rapid)"]
[EventRounds "9"]
[EventCountry "CHN"]
[SourceTitle "CB49_2024"]
[SourceDate "2024.12.04"]
[SourceVersion "1"]
[SourceVersionDate "2024.12.04"]
[SourceQuality "1"]

1. e4 e6 2. Nf3 d5 3. e5 c5 4. c3 Nc6 5. Na3 Bd7 6. Nc2 Nge7 7. d4 Rc8 8. Bd3 c4 9. Be2 b5 10. h4 Qb6 11. h5 h6 12. a3 Na5 13. Nh4 Nb3 14. Rb1 a5 15. f4 Nc6 16. f5 Be7 17. Bf4 b4 18. Ne3 Qd8 19. g3 bxc3 20. bxc3 Bxh4 21. Rxh4 Ne7 22. f6 gxf6 23. Ng4 Nf5 24. Nxf6+ Ke7 25. Rh3 a4 26. g4 Ng7 27. Bg3 Qa5 28. Bh4 Bc6 29. Rf3 Kf8 30. Kf2 Ne8 31. Qc2 Qa7 32. Rd1 Qb7 33. Kg3 Rc7 34. Rdf1 Na5 35. Bd1 Nb3 36. Qf2 Nc1 37. Qd2 Nd3 38. Bc2 Qa7 39. Nxe8 Kxe8 40. Bf6 Rg8 41. Qxh6 Qa5 42. Qh7 Rf8 43. Bg7 Qxc3 44. Bxf8 Qxd4 45. Bd6 Re7 46. Qh8+ Kd7 47. Qf8 1-0

[Event "Titled Tuesday intern op 17th Sep Early"]
[Site "Chess,com INT"]
[Date "2024.09.17"]
[Round "5"]
[White "Ishvi, Aggarwal"]
[Black "Liu, Zhaoqi"]
[Result "0-1"]
[WhiteElo "2008"]
[BlackElo "2400"]
[PlyCount "84"]
[EventDate "2024.09.17"]
[EventType "swiss (blitz)"]
[EventRounds "11"]
[EventCountry "USA"]
[SourceTitle "EXT 2025"]
[Source "ChessBase"]
[SourceDate "2024.10.14"]
[SourceVersion "1"]
[SourceVersionDate "2024.10.14"]
[SourceQuality "1"]

1. d4 d6 2. Nf3 g6 3. g3 Bg7 4. Bg2 Nc6 5. 0-0 e5 6. d5 Nce7 7. e4 f5 8. exf5 gxf5 9. Ng5 Ng6 10. c4 Nf6 11. Nc3 h6 12. Ne6 Bxe6 13. dxe6 c6 14. Bh3 f4 15. Re1 0-0 16. Qc2 Ne7 17. gxf4 Nh5 18. fxe5 dxe5 19. Kh1 Qd4 20. Ne4 Nf4 21. Be3 Qd8 22. Rad1 Qe8 23. Bg4 Qg6 24. Rg1 h5 25. Bf3 Qf5 26. Rg5 Qh3 27. Rg3 Qxe6 28. Rdg1 Nf5 29. Rg5 Nh3 30. Nc5 Qc8 31. Rxg7+ Nxg7 32. Qg6 Qc7 33. Rg3 e4 34. Ne6 Qf7 35. Qxg7+ Qxg7 36. Rxg7+ Kh8 37. Bxe4 Nxf2+ 38. Bxf2 Rxf2 39. Rh7+ Kg8 40. Rg7+ Kh8 41. Rh7+ Kg8 42. Rxb7 Rf7 0-1

[Event "Titled Tuesday intern op 17th Sep Early"]
[Site "Chess,com INT"]
[Date "2024.09.17"]
[Round "4"]
[White "Liu, Zhaoqi"]
[Black "Feuerstack, Aljoscha"]
[Result "0-1"]
[WhiteElo "2400"]
[BlackElo "2466"]
[PlyCount "54"]
[EventDate "2024.09.17"]
[EventType "swiss (blitz)"]
[EventRounds "11"]
[EventCountry "USA"]
[SourceTitle "EXT 2025"]
[Source "ChessBase"]
[SourceDate "2024.10.14"]
[SourceVersion "1"]
[SourceVersionDate "2024.10.14"]
[SourceQuality "1"]

1. d4 d5 2. c4 c6 3. cxd5 cxd5 4. Nc3 Nf6 5. Bf4 Nc6 6. e3 a6 7. Bd3 g6 8. h3 Bg7 9. Nf3 0-0 10. 0-0 Bf5 11. Bxf5 gxf5 12. Ne5 Rc8 13. Rc1 e6 14. Na4 Nxe5 15. Bxe5 Rxc1 16. Qxc1 Qc8 17. Nb6 Qd8 18. Na4 Qd7 19. Nc5 Qc6 20. e4 Nxe4 21. f3 Bxe5 22. Rd1 Bxd4+ 23. Rxd4 Qxc5 24. Qe3 f4 25. Qd3 e5 26. Qxe4 dxe4 27. fxe4 Qxd4+ 0-1

[Event "Titled Tuesday intern op 10th Sep Early"]
[Site "Chess,com INT"]
[Date "2024.09.10"]
[Round "1"]
[White "Liu, Zhaoqi"]
[Black "Atoyan, Alberto"]
[Result "1-0"]
[WhiteElo "2400"]
[BlackElo "2120"]
[PlyCount "35"]
[EventDate "2024.09.10"]
[EventType "swiss (blitz)"]
[EventRounds "11"]
[EventCountry "USA"]
[SourceTitle "EXT 2025"]
[Source "ChessBase"]
[SourceDate "2024.10.14"]
[SourceVersion "1"]
[SourceVersionDate "2024.10.14"]
[SourceQuality "1"]

1. c4 Nf6 2. Nc3 e6 3. e4 d5 4. cxd5 exd5 5. e5 d4 6. exf6 dxc3 7. Bb5+ c6 8. Qe2+ Be6 9. Bc4 cxd2+ 10. Bxd2 Qxf6 11. Nf3 Nd7 12. 0-0 0-0-0 13. Bg5 Qg6 14. Bxe6 fxe6 15. Bxd8 Kxd8 16. Rad1 Qf6 17. Ne5 Bc5 18. Nxd7 1-0

[Event "FIDE World Corporate GpB"]
[Site "New York"]
[Date "2024.06.16"]
[Round "10"]
[White "Urazayev, Arystanbek"]
[Black "Liu, Zhaoqi"]
[Result "1-0"]
[WhiteElo "2483"]
[BlackElo "2400"]
[PlyCount "109"]
[EventDate "2024.06.15"]
[EventType "team-swiss (rapid)"]
[EventRounds "10"]
[EventCountry "USA"]
[SourceTitle "CBM 220 Extra"]
[Source "ChessBase"]
[SourceDate "2024.07.31"]
[SourceVersion "1"]
[SourceVersionDate "2024.07.31"]
[SourceQuality "1"]
[WhiteTeam "Freedom Holding"]
[BlackTeam "Nanjing Spark Chess Technology"]
[WhiteTeamCountry "USA"]
[BlackTeamCountry "CHN"]

1. e4 e6 2. d4 d5 3. e5 c5 4. c3 Nc6 5. Nf3 Bd7 6. Be2 Nge7 7. Na3 cxd4 8. cxd4 Nf5 9. Nc2 Be7 10. Bd3 Qb6 11. 0-0 h5 12. Rb1 Qd8 13. b4 g5 14. b5 Na5 15. Ne3 g4 16. Nxf5 exf5 17. Ne1 Be6 18. Nc2 Rc8 19. Bf4 Nc4 20. Ne3 Nxe3 21. fxe3 Qa5 22. Rc1 Rxc1 23. Qxc1 0-0 24. Qb1 Qb4 25. Bxf5 Qxb1 26. Bxb1 Rc8 27. Kf2 Bh4+ 28. Ke2 Rc4 29. Bd3 Ra4 30. Ra1 Be7 31. Bc2 Rc4 32. Kd1 Ba3 33. Bg3 Bd7 34. Bb3 Rc3 35. Bxd5 Bxb5 36. Rb1 a6 37. Bf4 h4 38. Kd2 Rc7 39. e6 Rc8 40. exf7+ Kg7 41. e4 h3 42. gxh3 Be7 43. hxg4 Ba4 44. Rxb7 Rc2+ 45. Kd3 Bf8 46. Be5+ Kg6 47. Bb3 Bxb3 48. axb3 Rc1 49. h4 Rd1+ 50. Kc2 Rf1 51. h5+ Kg5 52. d5 Re1 53. Rb8 Rxe4 54. Rxf8 Rxe5 55. Rg8+ 1-0

[Event "FIDE World Corporate GpB"]
[Site "New York"]
[Date "2024.06.15"]
[Round "4"]
[White "Andriasian, Zaven"]
[Black "Liu, Zhaoqi"]
[Result "1-0"]
[WhiteElo "2558"]
[BlackElo "2400"]
[PlyCount "87"]
[EventDate "2024.06.15"]
[EventType "team-swiss (rapid)"]
[EventRounds "10"]
[EventCountry "USA"]
[SourceTitle "CBM 220 Extra"]
[Source "ChessBase"]
[SourceDate "2024.07.31"]
[SourceVersion "1"]
[SourceVersionDate "2024.07.31"]
[SourceQuality "1"]
[WhiteTeam "Chessify"]
[BlackTeam "Nanjing Spark Chess Technology"]
[WhiteTeamCountry "USA"]
[BlackTeamCountry "CHN"]

1. e4 e6 2. d4 d5 3. Nc3 Bb4 4. e5 c5 5. a3 Ba5 6. b4 cxd4 7. Nb5 Bc7 8. f4 Bd7 9. Nxc7+ Qxc7 10. Nf3 Ba4 11. Bd3 Ne7 12. 0-0 Qb6 13. Kh1 a6 14. Bb2 Nbc6 15. Nxd4 g6 16. Qd2 Nxd4 17. Bxd4 Qc6 18. Bf2 Nf5 19. Rfc1 Bb5 20. a4 Bc4 21. a5 Rc8 22. Bc5 Qb5 23. Ra3 h5 24. Bxf5 gxf5 25. Qf2 h4 26. Rh3 Kd7 27. Rxh4 Qa4 28. Rxh8 Rxh8 29. Qg3 Kc8 30. h3 Qe8 31. Bd6 d4 32. Qf2 Qc6 33. Kh2 Bd5 34. Be7 Kd7 35. Bg5 Qc3 36. Rd1 Rc8 37. Rxd4 Qxc2 38. Rd2 Qc1 39. h4 Rc4 40. Qb6 f6 41. Bxf6 Rc7 42. Rxd5+ exd5 43. Qd6+ Ke8 44. e6 1-0

[Event "FIDE World Corporate GpB"]
[Site "New York"]
[Date "2024.06.15"]
[Round "3"]
[White "Liu, Zhaoqi"]
[Black "Shankland, Samuel L"]
[Result "0-1"]
[WhiteElo "2400"]
[BlackElo "2683"]
[PlyCount "66"]
[EventDate "2024.06.15"]
[EventType "team-swiss (rapid)"]
[EventRounds "10"]
[EventCountry "USA"]
[SourceTitle "CBM 220 Extra"]
[Source "ChessBase"]
[SourceDate "2024.07.31"]
[SourceVersion "1"]
[SourceVersionDate "2024.07.31"]
[SourceQuality "1"]
[WhiteTeam "Nanjing Spark Chess Technology"]
[BlackTeam "SIG"]
[WhiteTeamCountry "CHN"]
[BlackTeamCountry "USA"]

1. c4 g6 2. Nc3 Bg7 3. g3 Nf6 4. Bg2 0-0 5. d4 Nc6 6. Nf3 d5 7. cxd5 Nxd5 8. 0-0 Nb6 9. e3 e5 10. d5 e4 11. dxc6 Qxd1 12. Rxd1 exf3 13. Bxf3 bxc6 14. Bd2 Nc4 15. Na4 Rb8 16. Bc3 Bxc3 17. bxc3 Ne5 18. Be2 Re8 19. Rd2 Rb5 20. Rd4 Ra5 21. Nb2 Ba6 22. c4 Ra3 23. Kf1 Rb8 24. Nd1 Kg7 25. Rc1 Rxa2 26. f4 c5 27. Rd5 Nxc4 28. Bxc4 Rb1 29. Bxa6 Rxc1 30. Be2 c4 31. Rc5 Rd2 32. Rxc7 c3 33. Rxa7 c2 0-1

[Event "FIDE World Corporate GpB"]
[Site "New York"]
[Date "2024.06.15"]
[Round "2"]
[White "Rakhimgaliyev, Yerlan"]
[Black "Liu, Zhaoqi"]
[Result "1-0"]
[WhiteElo "2251"]
[BlackElo "2400"]
[PlyCount "69"]
[EventDate "2024.06.15"]
[EventType "team-swiss (rapid)"]
[EventRounds "10"]
[EventCountry "USA"]
[SourceTitle "CBM 220 Extra"]
[Source "ChessBase"]
[SourceDate "2024.07.31"]
[SourceVersion "1"]
[SourceVersionDate "2024.07.31"]
[SourceQuality "1"]
[WhiteTeam "Tengizchevroil"]
[BlackTeam "Nanjing Spark Chess Technology"]
[WhiteTeamCountry "KAZ"]
[BlackTeamCountry "CHN"]

1. e4 e6 2. d4 d5 3. Nc3 Bb4 4. e5 c5 5. Bd2 Ne7 6. a3 Bxc3 7. Bxc3 b6 8. h4 Nbc6 9. h5 cxd4 10. Bxd4 Nxd4 11. Qxd4 Qc7 12. h6 gxh6 13. 0-0-0 Bd7 14. Nf3 Qc5 15. Bd3 Nc6 16. Qf4 0-0-0 17. Rxh6 Qxf2 18. Rf1 Qc5 19. Ng5 Kb8 20. Nxf7 Rhf8 21. Rf6 Rc8 22. Nd6 Rxf6 23. Qxf6 Rg8 24. Bxh7 Rxg2 25. Kb1 a5 26. Bd3 Rg1 27. Rxg1 Qxg1+ 28. Ka2 Qg8 29. Bb5 Kc7 30. c4 d4 31. Bxc6 Kxc6 32. Qf3+ Kc5 33. b4+ axb4 34. axb4+ Kxb4 35. Qa3# 1-0

[Event "Titled Tuesday intern op 28th May Early"]
[Site "Chess.com INT"]
[Date "2024.05.28"]
[Round "6"]
[White "Liu, Zhaoqi"]
[Black "Cervantes Landeiro, Thalia"]
[Result "1-0"]
[WhiteElo "2400"]
[BlackElo "2229"]
[PlyCount "59"]
[EventDate "2024.05.28"]
[EventType "swiss (blitz)"]
[EventRounds "11"]
[EventCountry "USA"]
[SourceTitle "EXT 2025"]
[Source "ChessBase"]
[SourceDate "2024.10.14"]
[SourceVersion "1"]
[SourceVersionDate "2024.10.14"]
[SourceQuality "1"]

1. d4 Nf6 2. c4 g6 3. Nc3 d5 4. cxd5 Nxd5 5. Nf3 Bg7 6. e3 0-0 7. Be2 c5 8. 0-0 cxd4 9. exd4 Nxc3 10. bxc3 Qc7 11. Bd2 Be6 12. Rc1 Nc6 13. Be3 Rfd8 14. Qd2 Na5 15. Bf4 Qd7 16. c4 b6 17. d5 Bf5 18. Ne5 Qa4 19. g4 f6 20. gxf5 fxe5 21. Bh6 Qe8 22. Bxg7 Kxg7 23. Qe3 Kf6 24. f4 exf4 25. Rxf4 g5 26. Qd4+ Kf7 27. Bh5+ Kg8 28. Bxe8 gxf4 29. Kf2 Rxe8 30. Rg1+ 1-0